| 000 | 00393nam a2200145Ia 4500 | ||
|---|---|---|---|
| 008 | 210716s2002 xx 000 0 und d | ||
| 020 | _a7053041 | ||
| 041 | _aeng | ||
| 082 | _a004.65 SPOD | ||
| 100 | _aSpohn, Darren; Brown, Tina; Grau, Scott. | ||
| 245 | _aData network design. | ||
| 250 | _a3 | ||
| 260 |
_aNew Delhi _bTata McGraw Hill Publishing Company Ltd _c2002 |
||
| 300 | _axxxvi,663 | ||
| 999 |
_c185191 _d185191 |
||